000
00302 a2200109 4500
001
ART_6694
005
20260410161620.0
008
260409a
245
1
0
_a
NIIF 9- Instrumentos financieros
100
1
_a
García Fronti, Inés M.
773
0
_t
Enfoques
_g
- Nº 1 (ene. 2010)
_w
REV416
999
_c
11494
_d
11494